MARC details
| 000 -LEADER |
| fixed length control field |
04148nam a22006855i 4500 |
| 005 - DATE AND TIME OF LATEST TRANSACTION |
| control field |
20230718140251.0 |
| 006 - FIXED-LENGTH DATA ELEMENTS--ADDITIONAL MATERIAL CHARACTERISTICS |
| fixed length control field |
m|||||o||d|||||||| |
| 007 - PHYSICAL DESCRIPTION FIXED FIELD--GENERAL INFORMATION |
| fixed length control field |
cr || |||||||| |
| 008 - FIXED-LENGTH DATA ELEMENTS--GENERAL INFORMATION |
| fixed length control field |
221201t20142014gw fo d z eng d |
| 019 ## - |
| -- |
(OCoLC)979879787 |
| 020 ## - INTERNATIONAL STANDARD BOOK NUMBER |
| International Standard Book Number |
9783839429044 |
| 040 ## - CATALOGING SOURCE |
| Original cataloging agency |
DE-B1597 |
| Language of cataloging |
eng |
| Transcribing agency |
DE-B1597 |
| Description conventions |
rda |
| 041 0# - LANGUAGE CODE |
| Language code of text/sound track or separate title |
eng |
| 084 ## - OTHER CLASSIFICATION NUMBER |
| Classification number |
BE 8660 |
| Number source |
rvk |
| 100 1# - MAIN ENTRY--PERSONAL NAME |
| Personal name |
Lenz-Raymann, Kathrin, |
| Relator term |
author. |
| Relator code |
aut |
| -- |
http://id.loc.gov/vocabulary/relators/aut |
| 245 10 - TITLE STATEMENT |
| Title |
Securitization of Islam: A Vicious Circle : |
| Remainder of title |
Counter-Terrorism and Freedom of Religion in Central Asia / |
| Statement of responsibility, etc. |
Kathrin Lenz-Raymann. |
| 250 ## - EDITION STATEMENT |
| Edition statement |
1. Aufl. |
| 264 #1 - PRODUCTION, PUBLICATION, DISTRIBUTION, MANUFACTURE, AND COPYRIGHT NOTICE |
| Place of production, publication, distribution, manufacture |
Bielefeld : |
| Name of producer, publisher, distributor, manufacturer |
transcript Verlag, |
| Date of production, publication, distribution, manufacture, or copyright notice |
[2014] |
| 264 #4 - PRODUCTION, PUBLICATION, DISTRIBUTION, MANUFACTURE, AND COPYRIGHT NOTICE |
| Date of production, publication, distribution, manufacture, or copyright notice |
©2014 |
| 300 ## - PHYSICAL DESCRIPTION |
| Extent |
1 online resource (324 p.) |
| 336 ## - CONTENT TYPE |
| Content type term |
text |
| Content type code |
txt |
| Source |
rdacontent |
| 337 ## - MEDIA TYPE |
| Media type term |
computer |
| Media type code |
c |
| Source |
rdamedia |
| 338 ## - CARRIER TYPE |
| Carrier type term |
online resource |
| Carrier type code |
cr |
| Source |
rdacarrier |
| 347 ## - DIGITAL FILE CHARACTERISTICS |
| File type |
text file |
| Encoding format |
PDF |
| Source |
rda |
| 490 0# - SERIES STATEMENT |
| Series statement |
Globaler lokaler Islam |
| 505 00 - FORMATTED CONTENTS NOTE |
| Title |
Frontmatter -- |
| -- |
Content -- |
| -- |
LIST OF TABLES -- |
| -- |
LIST OF FIGURES -- |
| -- |
LIST OF IMAGES -- |
| -- |
Thanks -- |
| -- |
Summary -- |
| -- |
1. Introduction -- |
| -- |
PART I. REVIVAL OF ISLAM: CASE STUDIES OF ISLAMIC GROUPS -- |
| -- |
2. Features of Central Asian Folk Islam -- |
| -- |
3. Salafi Islam: Social Transformation and Political Islam -- |
| -- |
4. Typology of Islamic Groups -- |
| -- |
PART II. POLITICS AND ISLAM: CASE STUDIES OF POLITICAL REGIMES -- |
| -- |
5. History of Politics and Islam in Central Asia -- |
| -- |
6. General Comparison of Contemporary Regimes -- |
| -- |
7. Comparison of the Contemporary Role of Religion in Politics -- |
| -- |
8. Comparison of Law Enforcement -- |
| -- |
9. Typology of Religious and Counter-Terrorism Politics -- |
| -- |
PART III. SECURITIZATION: THEORY AND SIMULATION MODEL -- |
| -- |
10. Securitization Theory: Legitimacy in Security Politics -- |
| -- |
11. Model Description -- |
| -- |
12. Model Verification and Validation -- |
| -- |
13. Conclusions -- |
| -- |
Literature -- |
| -- |
Appendix |
| 506 0# - RESTRICTIONS ON ACCESS NOTE |
| Standardized terminology for access restriction |
unrestricted online access |
| Source of term |
star |
| 520 ## - SUMMARY, ETC. |
| Summary, etc. |
Diverse Islamic groups have triggered a »revival of Islam« in Central Asia in the last decades. As a result, there has been a general securitization of Islam by the governments: not only do they combat the terrorist Islamic Movement of Uzbekistan but also outlaw popular groups such as the Gülen movement. However, strong repression of religion might lead to radicalization.Kathrin Lenz-Raymann tests this hypothesis with an agent-based computer simulation and enriches her study with interviews with international experts, leaders of political Islam and representatives of folk Islam. She concludes that ensuring religious rights is essential for national security. |
| 538 ## - SYSTEM DETAILS NOTE |
| System details note |
Mode of access: Internet via World Wide Web. |
| 540 ## - TERMS GOVERNING USE AND REPRODUCTION NOTE |
| Terms governing use and reproduction |
This eBook is made available Open Access under a CC BY-NC-ND 4.0 license: |
| Uniform Resource Identifier |
<a href="https://creativecommons.org/licenses/by-nc-nd/4.0 ">https://creativecommons.org/licenses/by-nc-nd/4.0 </a> |
| -- |
<a href="https://www.degruyter.com/dg/page/open-access-policy">https://www.degruyter.com/dg/page/open-access-policy</a> |
| 546 ## - LANGUAGE NOTE |
| Language note |
In English. |
| 588 0# - SOURCE OF DESCRIPTION NOTE |
| Source of description note |
Description based on online resource; title from PDF title page (publisher's Web site, viewed 01. Dez 2022) |
| 650 #0 - SUBJECT ADDED ENTRY--TOPICAL TERM |
| Topical term or geographic name entry element |
Freedom of religion |
| Geographic subdivision |
Asia, Central. |
| 650 #4 - SUBJECT ADDED ENTRY--TOPICAL TERM |
| Topical term or geographic name entry element |
Asia. |
| 650 #4 - SUBJECT ADDED ENTRY--TOPICAL TERM |
| Topical term or geographic name entry element |
Central Asia. |
| 650 #4 - SUBJECT ADDED ENTRY--TOPICAL TERM |
| Topical term or geographic name entry element |
Freedom of Religion. |
| 650 #4 - SUBJECT ADDED ENTRY--TOPICAL TERM |
| Topical term or geographic name entry element |
Islam. |
| 650 #4 - SUBJECT ADDED ENTRY--TOPICAL TERM |
| Topical term or geographic name entry element |
Islamic Studies. |
| 650 #4 - SUBJECT ADDED ENTRY--TOPICAL TERM |
| Topical term or geographic name entry element |
Political Ideologies. |
| 650 #4 - SUBJECT ADDED ENTRY--TOPICAL TERM |
| Topical term or geographic name entry element |
Political Science. |
| 650 #4 - SUBJECT ADDED ENTRY--TOPICAL TERM |
| Topical term or geographic name entry element |
Politics. |
| 650 #4 - SUBJECT ADDED ENTRY--TOPICAL TERM |
| Topical term or geographic name entry element |
Social Movements. |
| 650 #4 - SUBJECT ADDED ENTRY--TOPICAL TERM |
| Topical term or geographic name entry element |
Terrorism. |
| 650 #7 - SUBJECT ADDED ENTRY--TOPICAL TERM |
| Topical term or geographic name entry element |
POLITICAL SCIENCE / Political Ideologies / General. |
| Source of heading or term |
bisacsh |
| 653 ## - INDEX TERM--UNCONTROLLED |
| Uncontrolled term |
Asia. |
| 653 ## - INDEX TERM--UNCONTROLLED |
| Uncontrolled term |
Central Asia. |
| 653 ## - INDEX TERM--UNCONTROLLED |
| Uncontrolled term |
Freedom of Religion. |
| 653 ## - INDEX TERM--UNCONTROLLED |
| Uncontrolled term |
Islam. |
| 653 ## - INDEX TERM--UNCONTROLLED |
| Uncontrolled term |
Islamic Studies. |
| 653 ## - INDEX TERM--UNCONTROLLED |
| Uncontrolled term |
Political Ideologies. |
| 653 ## - INDEX TERM--UNCONTROLLED |
| Uncontrolled term |
Political Science. |
| 653 ## - INDEX TERM--UNCONTROLLED |
| Uncontrolled term |
Politics. |
| 653 ## - INDEX TERM--UNCONTROLLED |
| Uncontrolled term |
Social Movements. |
| 653 ## - INDEX TERM--UNCONTROLLED |
| Uncontrolled term |
Terrorism. |
| 776 0# - ADDITIONAL PHYSICAL FORM ENTRY |
| Qualifying information |
print |
| International Standard Book Number |
9783837629040 |
| 856 40 - ELECTRONIC LOCATION AND ACCESS |
| Uniform Resource Identifier |
<a href="https://doi.org/10.1515/transcript.9783839429044?locatt=mode:legacy">https://doi.org/10.1515/transcript.9783839429044?locatt=mode:legacy</a> |
| Public note |
Open Access |
| -- |
0 |
| 856 40 - ELECTRONIC LOCATION AND ACCESS |
| Uniform Resource Identifier |
<a href="https://www.degruyter.com/isbn/9783839429044">https://www.degruyter.com/isbn/9783839429044</a> |
| Public note |
Open Access |
| -- |
0 |
| 856 42 - ELECTRONIC LOCATION AND ACCESS |
| Materials specified |
Cover |
| Uniform Resource Identifier |
<a href="https://www.degruyter.com/document/cover/isbn/9783839429044/original">https://www.degruyter.com/document/cover/isbn/9783839429044/original</a> |
| 942 ## - ADDED ENTRY ELEMENTS (KOHA) |
| Koha item type |
E-Book |